Teoría literaria /
Guardado en:
| Autor Principal: | |
|---|---|
| Formato: | Libro |
| Publicado: |
España :
Gredos,
1966
|
| Edición: | 4a. ed. |
| Series: | Bibl. Rom nica Hisp nica1
|
| Etiquetas: |
Agregar Etiqueta
Sin Etiquetas, Sea el primero en etiquetar este registro!
|
| LEADER | 00518nam a22001815a 4500 | ||
|---|---|---|---|
| 001 | CEM.cems006652 | ||
| 005 | 20060214000000.0 | ||
| 008 | 130507s1966##################000#0#####d | ||
| 003 | CEMS | ||
| 082 | 0 | 4 | |a 801 |
| 100 | 1 | |a Wellek, René | |
| 245 | 1 | 0 | |a Teoría literaria / |
| 250 | |a 4a. ed. | ||
| 260 | |a España : |b Gredos, |c 1966 | ||
| 300 | |a 430 p. | ||
| 490 | 0 | |a Bibl. Rom nica Hisp nica1 | |
| 859 | |a CEMS |b BIB. CEMS - 11 de abril |h 801 |i W458a4 |p 1949.74 |t Ej.1 | ||
| 859 | |a CEMS |b BIB. CEMS - 11 de abril |h 801 |i W458a4 |p 5952.77 |t Ej.2 | ||
